GUIDE TO LLM ENTRANCE EXAMINATIONS (Record no. 23992)

MARC details
000 -LEADER
fixed length control field 00342nam a22001457a 4500
003 - CONTROL NUMBER IDENTIFIER
control field SGT
020 ## - INTERNATIONAL STANDARD BOOK NUMBER
International Standard Book Number 9789380456522
082 ## - DEWEY DECIMAL CLASSIFICATION NUMBER
Classification number 371.262
Item number RAG
100 ## - MAIN ENTRY--PERSONAL NAME
Personal name RAGHUVANSHI , S K
245 ## - TITLE STATEMENT
Title GUIDE TO LLM ENTRANCE EXAMINATIONS
250 ## - EDITION STATEMENT
Edition statement 01
260 ## - PUBLICATION, DISTRIBUTION, ETC. (IMPRINT)
Place of publication, distribution, etc FARIDABAD
Name of publisher, distributor, etc NEW ERA LAW PUBLISHER
Year of Publication 2022
300 ## - PAGE DESCRIPTION
No. of Pages XX ,1208
942 ## - ADDED ENTRY ELEMENTS (KOHA)
Source of classification or shelving scheme Dewey Decimal Classification
Koha item type Books
942 ## - ADDED ENTRY ELEMENTS (KOHA)
-- 7
Holdings
Withdrawn status Lost status Source of classification or shelving scheme Damaged status Not for loan Collection code Home library Current library Shelving location Date acquired Vendor Name Cost, normal purchase price SGTU Bill Number Total Checkouts Full call number Accession No. (Barcode) Date last seen Date last borrowed Bill Date Koha item type
    Dewey Decimal Classification     LAW SGT Science & Social Sciences Library SGT Science & Social Sciences Library Text Book 10/06/2023 COMMERCIAL BOOK HOUSE 995.00 SGTU 353 5 371.262 RAG FL2963 04/11/2025 07/10/2025 19/05/2023 Books
    Dewey Decimal Classification     LAW SGT Science & Social Sciences Library SGT Science & Social Sciences Library Text Book 10/06/2023 COMMERCIAL BOOK HOUSE 995.00 SGTU 353 9 371.262 RAG FL2964 28/10/2025 07/10/2025 19/05/2023 Books